000 00563nam a2200193 a 4500
005 20140310183328.0
008 060811s19uu xx 00 eng d
020 _a0-534-62810-9
050 _aHA 29
_b.H39 2005
100 _aHealey, Joseph F.
245 _aStatistics :
_ba tool for social research /
_cJoseph F. Healey
250 _a7th ed.
260 _aAustralia :
_bThomson Wadsworth,
_c2005.
300 _a556 p. :
_bill. ;
_c25 cm.
650 _aSocial sciences
_xStatistics methods.
650 _aStatistics.
942 _cBK
_2lcc
_kFOR
999 _c21490
_d21490